Library Banner

آگ کا دریا (Record no. 75075)

MARC details
000 -LEADER
fixed length control field 00400nam a22001457a 4500
005 - DATE AND TIME OF LATEST TRANSACTION
control field 20150827100627.0
008 - FIXED-LENGTH DATA ELEMENTS--GENERAL INFORMATION
fixed length control field 150827b xxu||||| |||| 00| 0 eng d
040 ## - CATALOGING SOURCE
Transcribing agency PK-LaUMT
082 ## - DEWEY DECIMAL CLASSIFICATION NUMBER
Classification number KHC 891.4393
Item number QUR-A
100 ## - MAIN ENTRY--PERSONAL NAME
Personal name قرۃ العین حیدر
245 ## - TITLE STATEMENT
Title آگ کا دریا
Statement of responsibility, etc قرۃ العین حیدر
260 ## - PUBLICATION, DISTRIBUTION, ETC. (IMPRINT)
Place of publication, distribution, etc لاہور
Name of publisher, distributor, etc مکتبہ جدید
Date of publication, distribution, etc 1959
300 ## - PHYSICAL DESCRIPTION
Extent 786 ص
942 ## - ADDED ENTRY ELEMENTS (KOHA)
Koha item type Books
Holdings
Withdrawn status Lost status Damaged status Home library Current library Date acquired Full call number Barcode Date last seen Price effective from Koha item type
      UMT Main Campus UMT Main Campus 2015-08-27 KHC 891.4393 QUR-A 70570 2017-01-02 2015-08-27 Books